| Tag |
First Indicator |
Second Indicator |
Subfields |
| LEADER |
00000cam a2200000 a 4500 |
| 001 |
in00000984321 |
| 005 |
20150927153708.0 |
| 008 |
880615s1986 cau 00110 eng d |
| 010 |
|
|
|z 73184345
|
| 019 |
|
|
|a 21236366
|
| 020 |
|
|
|a 0884042693 (pbk.)
|
| 035 |
|
|
|a (OCoLC)18093157
|
| 035 |
|
|
|9 AEY0269AM
|
| 040 |
|
|
|a NRM
|c NRM
|d OCL
|d UtOrBLW
|
| 049 |
|
|
|a TXAM
|
| 090 |
|
|
|a BP605.S2
|b H7957 1986b
|
| 092 |
|
|
|a 158/.9
|
| 100 |
1 |
|
|a Hubbard, L. Ron
|q (La Fayette Ron),
|d 1911-1986.
|
| 245 |
1 |
0 |
|a Dianetics :
|b the modern science of mental health : a handbook of Dianetics procedure /
|c L. Ron Hubbard.
|
| 250 |
|
|
|a New ed.
|
| 264 |
|
1 |
|a Los Angeles, CA :
|b Bridge Publications,
|c [1986]
|
| 264 |
|
4 |
|c ©1986
|
| 300 |
|
|
|a xi, 628 pages ;
|c 18 cm.
|
| 336 |
|
|
|a text
|b txt
|2 rdacontent
|
| 337 |
|
|
|a unmediated
|b n
|2 rdamedia
|
| 338 |
|
|
|a volume
|b nc
|2 rdacarrier
|
| 504 |
|
|
|a Bibliography: pages 607-614.
|
| 500 |
|
|
|a Includes index.
|
| 650 |
|
0 |
|a Dianetics.
|
| 999 |
|
|
|a MARS
|
| 999 |
f |
f |
|s d73d11ef-4ab9-3f5f-ad31-5ae22ac3ecc9
|i b816ae73-9d14-30ef-9c32-16985d976417
|t 0
|
| 952 |
f |
f |
|p normal
|a Texas A&M University
|b College Station
|c Sterling C. Evans Library
|d Evans: Library Stacks
|t 0
|e BP605.S2 H7957 1986b
|h Library of Congress classification
|i unmediated -- volume
|m A14811552033
|
| 998 |
f |
f |
|a BP605.S2 H7957 1986b
|t 0
|l Evans: Library Stacks
|